000 00451cam a22001097a 4500
008 180718b1963 xxu||||| |||| 00| 0 eng d
082 _aQ5x73 Un3h/1963
245 _aSocial security handbook on old age survivors and disability insurance
_cby Department of Health, Education, and Welfare, United States
260 _aWashington
_bGovernment Printing Office
_c1963
300 _a314+p.
700 _aUnited States. Department of Health, Education and Welfare
999 _c495500
_d495500